10 Studi di perfezionamento

Saved in:
書目詳細資料
主要作者: Marasco, Giuseppe (autor)
格式: 圖書
語言:英语
德语
法语
西班牙语
意大利语
出版: Milán G. Ricordi 1900
主題:
標簽: 添加標簽
沒有標簽, 成為第一個標記此記錄!

MARC

LEADER 00000nam a2200000 a 4500
001 UCN8717
003 CL-VaPUC
008 011116e19000000IT |||||||||||||||||eng|d
041 0 7 |a eng  |2 CL-VaPUC 
041 0 7 |a ger  |2 CL-VaPUC 
041 0 7 |a fre  |2 CL-VaPUC 
041 0 7 |a spa  |2 CL-VaPUC 
041 0 7 |a ita  |2 CL-VaPUC 
082 0 4 |a 787.2193  |b MAR  |2 21 
100 |a Marasco, Giuseppe  |e autor  |9 465073 
245 1 0 |a 10 Studi di perfezionamento 
246 1 0 |a 10 Etudes de perfectionnement 
246 1 0 |a 10 Etuden zur vervollkommung 
246 1 0 |a 10 Studies for perfection 
246 1 0 |a 10 Estudios de perfeccionamiento 
300 |a 37 p 
942 |c BK 
945 |d 20011116 00:00:00  |a lriquelm 
260 |a Milán  |b G. Ricordi  |c 1900 
650 0 |a Violín  |x Técnicas de ejecución  |9 462624 
650 0 |a Violín  |x Interpretación  |9 462625 
650 0 |a Violín  |x Estudio y ejercicios  |9 462626 
650 0 |a Violín  |x Repertorio  |9 462649 
583 |a last modification  |c 20011116 00:00:00  |k Rodrigo Vera 
999 |c 298477  |d 298475 
952 |0 0  |1 0  |4 0  |6 787_219300000000000_MAR_1900  |7 0  |8 F  |9 354080  |a BIBEDU  |b BIBEDU  |d 2019-11-21  |i 1178849  |o 787.2193 MAR 1900  |p 1178849  |r 2022-03-17  |w 2019-11-21  |y BK_F  |k MUS